| 000 | 00967nam a2200265 i 4500 | ||
|---|---|---|---|
| 001 | bg | ||
| 100 | 1 |
_aFalkowski, Jan _d(1938-). |
|
| 245 | 1 | 0 |
_aWpływ urbanizacji i uprzemysłowienia na przemiany w strukturze przestrzennej rolnictwa : _b(na przykładzie aglomeracji Dolnej Wisły) / _cJan Falkowski. |
| 260 |
_aToruń : _bUniwersytet Mikołaja Kopernika, _c1981. |
||
| 300 |
_a186 s. : _bil. ; _c24 cm. |
||
| 490 | 1 | _aRozprawy / Uniwersytet Mikołaja Kopernika w Toruniu | |
| 504 | _aBibliogr. s. 169-181. | ||
| 546 | _aStreszcz. ang. | ||
| 650 | 9 |
_aIndustrializacja _xa rolnictwo _zPolska |
|
| 650 | 9 |
_aRolnictwo _xzagadnienia _zPolska |
|
| 650 | 9 |
_aUrbanizacja _xa ronictwo _zPolska |
|
| 651 | 9 |
_aWisła, Dolna (dolina) _xrolnictwo |
|
| 830 | 0 | _aRozprawy - Uniwersytet Mikołaja Kopernika | |
| 040 | _cBPK | ||
| 041 | 0 |
_apol _beng |
|
| 044 | _aPOL | ||
| 080 | _a63:911.375+338.22:338.45](438) | ||
| 942 | _cKS | ||
| 008 | 100823s1981 pl a |000 0 pol | ||
| 999 |
_c49612 _d49612 |
||
| 856 |
_uhttp://koha.tu.koszalin.pl/cgi-bin/koha/opac-detail.pl?biblionumber=49612 _yKatalog online BPK |
||